| LEADER 00000nam 2200000uu 4500 |
| 008 140519s2012||||th 000 0 eng d |
| 020 ^a9780071779708
|
| 041 0 ^aeng
|
| 060 04 ^aWS141 C976 2012
|
| 245 00 ^aCurrent diagnosis & treatment in pediatrics /^cedited byWilliam Hay ... [et al.]
|
| 250 ^a21st ed.
|
| 260 ^aNew York :^bMcGraw-Hill Medical,^c2012
|
| 300 ^axxx, 1452 p. :^bill. ;^c23 cm.
|
| 504 ^aIncludes bibliographical references and index
|
| 650 0 ^aPediatrics^vHandbooks, manuals, etc
|
| 650 0 ^aChildren^xDiseases^xTreatment^vHandbooks, manuals, etc
|
| 650 0 ^aChildren^xDiseases^xDiagnosis^vHandbooks, manuals, etc
|
| 650 2 ^aPediatrics
|
| 650 2 ^aDiagnosis
|
| 650 2 ^aTherapeutics.
|
| 700 1 ^aHay, William W.
|
| 999 ^aใช้งานได้ทุกระบบ
|